बिठूर के क्रांतिकारी / (Record no. 71390)

MARC details
000 -LEADER
fixed length control field 01709nam a22002777a 4500
005 - DATE AND TIME OF LATEST TRANSACTION
control field 20180605125557.0
008 - FIXED-LENGTH DATA ELEMENTS--GENERAL INFORMATION
fixed length control field 090408t xxu||||| |||| 00| 0 hin d
010 ## - LCCN (DPL NO)
LC control number HIN-97323 B-689830-831 बलिदानी B-694162 राष्ट्रपति-2
020 ## - INTERNATIONAL STANDARD BOOK NUMBER
Terms of availability 300.00
International Standard Book Number 9789380944029
035 ## - SYSTEM CONTROL NUMBER
System control number HN-69669
035 ## - SYSTEM CONTROL NUMBER
System control number B-694162
035 ## - SYSTEM CONTROL NUMBER
System control number B-689830-831
037 ## - SOURCE OF ACQUISITION
Source of stock number/acquisition DBAD / PUB
037 ## - SOURCE OF ACQUISITION
Source of stock number/acquisition प्रवीण
040 ## - CATALOGING SOURCE
Original cataloging agency DPL
Language of cataloging HN
082 ## - DEWEY DECIMAL CLASSIFICATION NUMBER
Classification number 954
100 ## - MAIN ENTRY--PERSONAL NAME
9 (RLIN) 27482
Personal name चंदेल,रूपसिंह
245 ## - TITLE STATEMENT
Title बिठूर के क्रांतिकारी /
Statement of responsibility, etc रूपसिंह चंदेल
260 ## - PUBLICATION, DISTRIBUTION, ETC. (IMPRINT)
Name of publisher, distributor, etc ओरियंटल बुक्स
Date of publication, distribution, etc 2012
-- 2015
-- 2013 राष्ट्रपति-2
Place of publication, distribution, etc नई दिल्ली
270 ## - ADDRESS
Address 4760-61,द्वितीय तल 23,अंसारी रोड़
City नई दिल्ली
Postal code 110002
300 1# - PHYSICAL DESCRIPTION
Extent 175पृ.
Dimensions 22सेमी (सजिल्द)
500 ## - GENERAL NOTE
General note बलिदानी / राष्ट्रपति-2
942 ## - ADDED ENTRY ELEMENTS (KOHA)
Institution code [OBSOLETE] dpl
Item type Hindi Books
Source of classification or shelving scheme Dewey Decimal Classification
Call number suffix चंदेल
Classification part
Holdings
Withdrawn status Lost status Source of classification or shelving scheme Damaged status Not for loan Collection code Home library Current library Date acquired Source of acquisition Cost, normal purchase price Total Checkouts Full call number Barcode Date last seen Copy number Cost, replacement price Koha item type Checked out Public note
    Dewey Decimal Classification     Non-fiction Central Library Central Library 09/04/2018 प्रवीण प्रकाशन- BL405/27.2.18/834/20.2.18/1.3.18 400.00 4 क चंदेल B-689830 25/06/2026 1 400.00 Hindi Books 09/07/2026 बलिदानी
    Dewey Decimal Classification   Not For Loan Non-fiction D.B.Act.Division D.B.Act.Division 09/11/2012 DBAD/PUB 300.00   क चंदेल HN-69669 09/11/2012 1 300.00 Hindi Books    
    Dewey Decimal Classification     Non-fiction Mobile Library Mobile Library 05/06/2018 प्रवीण प्रकाशन-BL- SPL-417/21.5.18/460/30.5.18/31.5.18 395.00   क चंदेल B-694162 05/06/2018 1 395.00 Hindi Books   राष्ट्रपति भवन-2
    Dewey Decimal Classification     Non-fiction Sarojini Nagar Sarojini Nagar 09/04/2018 प्रवीण प्रकाशन- BL405/27.2.18/834/20.2.18/1.3.18 400.00   क चंदेल B-689831 09/04/2018 1 400.00 Hindi Books   बलिदानी

© Delhi Public Library
Hit Counter
free hit counter